000 00742nam a22001937a 4500
003 OSt
005 20260212085915.0
008 260211b |||||||| |||| 00| 0 eng d
040 _c0
082 _aDPer 796.07 J826 January-October 2023 v. 42 n. 1-4
100 _aDeng, Anqi.
_eauthor.
_969662
245 _aCognitive Load and Balance Knowledge in High-School Physical Education /
_cAnqi Deng, and Ang Chen.
260 _aUS
_bHuman Kinetics, Inc.
_cJanuary 2023
300 _aVolume 42, pages 165-174 :
_billustration ;
_c29 cm.
500 _aJournal of Teaching in Physical Education, vol. 42 no. 1, pages 165-174, January-October 2023.
700 _aDeng, Anqi.
_eauthor.
_969662
700 _aChen, Ang.
_eauthor.
_969663
942 _2ddc
_cPER
999 _c24300
_d24300